All Cropped NFL Team Logos - Statistics

General Stats
  • This quiz has been taken 76 times
  • The average score is 30 of 32
Answer Stats
Picture Answer % Correct
Buffalo Bills
98%
Cincinnati Bengals
97%
Dallas Cowboys
97%
Detroit Lions
97%
Green Bay Packers
97%
Jacksonville Jaguars
97%
Kansas City Chiefs
97%
Minnesota Vikings
97%
New England Patriots
97%
Pittsburgh Steelers
97%
San Francisco 49ers
97%
Atlanta Falcons
95%
Baltimore Ravens
95%
Carolina Panthers
95%
Chicago Bears
95%
Cleveland Browns
95%
Houston Texans
95%
Los Angeles Rams
95%
Miami Dolphins
95%
New Orleans Saints
95%
New York Jets
95%
Seattle Seahawks
95%
Tampa Bay Buccaneers
95%
Tennessee Titans
95%
Washington Commanders
95%
Arizona Cardinals
93%
Denver Broncos
93%
Las Vegas Raiders
93%
Los Angeles Chargers
93%
Philadelphia Eagles
93%
Indianapolis Colts
92%
New York Giants
92%
No matching quizzes found
Score Distribution
Percent of People with Each Score
Percentile by Number Answered
Your Score History
You have not taken this quiz